Biblioteca nueva de los escritores aragoneses (Record no. 157228)
[ view plain ]
| 000 -LEADER | |
|---|---|
| campo de control de longitud fija | 01078nam a2200241 i 4500 |
| 001 - NÚMERO DE CONTROL | |
| campo de control | 157228 |
| 003 - IDENTIFICADOR DE NÚMERO DE CONTROL | |
| campo de control | ES-MaACL |
| 005 - FECHA Y HORA DE LA ÚLTIMA TRANSACCIÓN | |
| campo de control | 20250801093105.0 |
| 008 - DATOS DE LONGITUD FIJA--INFORMACIÓN GENERAL | |
| campo de control de longitud fija | 931025s1799 sp |||| | spa d |
| 100 1# - ENTRADA PRINCIPAL--NOMBRE DE PERSONA | |
| Nombre de persona | Latassa y Ortin, Félix de. |
| 9 (RLIN) | 70515 |
| 245 10 - MENCIÓN DEL TÍTULO | |
| Título | Biblioteca nueva de los escritores aragoneses |
| Resto del título | : que florecieron desde el año de 1600 hasta 1640 / |
| Mención de responsabilidad, etc. | su autor el Doctor Don Felix de Latassa y Ortin... ; tomo \RII\R. |
| 260 ## - PUBLICACIÓN, DISTRIBUCIÓN, ETC. | |
| Lugar de publicación, distribución, etc. | En Pamplona : |
| Nombre del editor, distribuidor, etc. | en la oficina de Joaquin de Domingo..., |
| Fecha de publicación, distribución, etc. | 1799. |
| 300 ## - DESCRIPCIÓN FÍSICA | |
| Extensión | 602 [i.e. 630] p. ; |
| Dimensiones | 4º. |
| 596 ## - NOTA AL PIE DE IMPRENTA | |
| NOTA AL PIE DE IMPRENTA | Marca de imp. en port. |
| 597 ## - NOTA DE DESCRIPCIÓN FÍSICA | |
| NOTA DE DESCRIPCIÓN FÍSICA | Sign.: A-Z\p4\s, 2A-2Z\p4\s, 3A-3Z\p4\s, 4A-4I\p4\s, 4K\p3\s. |
| 597 ## - NOTA DE DESCRIPCIÓN FÍSICA | |
| NOTA DE DESCRIPCIÓN FÍSICA | Errores de pag., repetidas las p. 41 a la 48 y de la p. 466 pasa a la 447. |
| 650 #4 - PUNTO DE ACCESO ADICIONAL DE MATERIA--TÉRMINO DE MATERIA | |
| Término de materia o nombre geográfico como elemento de entrada | Aragon- |
| Subdivisión general | Bibliografia. |
| 9 (RLIN) | 222733 |
| 650 #0 - PUNTO DE ACCESO ADICIONAL DE MATERIA--TÉRMINO DE MATERIA | |
| Término de materia o nombre geográfico como elemento de entrada | Literatura española- |
| Subdivisión geográfica | Aragón- |
| Subdivisión general | Bibliografía |
| 9 (RLIN) | 233447 |
| 650 #0 - PUNTO DE ACCESO ADICIONAL DE MATERIA--TÉRMINO DE MATERIA | |
| Término de materia o nombre geográfico como elemento de entrada | Escritores aragoneses |
| 9 (RLIN) | 234111 |
| 752 ## - ENTRADA AGREGADA--NOMBRE JERÁRQUICO DEL LUGAR | |
| País o entidad superior | España - |
| Ciudad | Pamplona |
| 852 ## - LOCALIZACIÓN | |
| Ubicación | ES-MaACL |
| Número de control de estantería | R-330-35 |
| Nota libre | -- Enc. pasta española grabada |
| Encuadernación | Olim: C-2217-22 |
| Estatus retirado | Estado de pérdida | Estado de daño | No para préstamo | Colección | Biblioteca de origen | Biblioteca actual | Ubicación en estantería | Fecha de adquisición | Total de préstamos | Signatura topográfica completa | Código de barras | Visto por última vez | Precio de reemplazo | Tipo de ítem Koha |
|---|---|---|---|---|---|---|---|---|---|---|---|---|---|---|
| Libros del s. XVIII | Biblioteca del Ateneo de Madrid | Biblioteca del Ateneo de Madrid | Depósito | 17/01/2008 | R-330-35 | 1164530 | 23/02/2023 | 23/02/2023 | Libro impreso antiguo |
